[Event "1st Serbian League 2022"]
[Site "Vrnjacka Banja"]
[Date "2022.09.29"]
[Round "10.20"]
[White "Bogosavljevic, Boban"]
[Black "Stojanovic, Mihajlo"]
[Result "1/2-1/2"]
[WhiteElo "2533"]
[BlackElo "2494"]
[Annotator "TA"]
[PlyCount "156"]
[EventDate "2022.09.20"]
[EventType "team-tourn"]
[EventCountry "SRB"]
[SourceTitle "playchess.com"]
[Source "ChessBase"]
[SourceQuality "1"]

1. Nf3 d5 2. g3 Nf6 3. Bg2 c5 4. O-O Nc6 5. d4 e6 6. c4 dxc4 7. dxc5 Qxd1 8. Rxd1 Bxc5 9. Nbd2 c3 10. bxc3 O-O 11. Nb3 Be7 12. c4 Bd7 13. Bb2 Rfc8 14. Rac1 Be8 15. Nfd4 Kf8 16. Nb5 Rd8 17. c5 Rxd1+ 18. Rxd1 b6 19. Nd6 Rd8 20. Rc1 Nb4 21. Nxe8 Nxe8 22. a3 Na6 23. cxb6 axb6 24. a4 Bf6 25. Ba3+ Be7 26. Bb2 Bf6 27. Bxf6 Nxf6 28. e3 Rd3 29. Rb1 Rc3 30. Nd4 Nc5 31. Rxb6 Rc1+ 32. Bf1 Nxa4 33. Rb8+ Ke7 34. Rb7+ Kf8 35. Rb8+ Ke7 36. Ra8 Nb6 37. Ra7+ Nfd7 38. Kg2 Nc8 39. Ra6 Nd6 40. Be2 Rc7 41. h4 Nb8 42. Ra8 Nc6 43. Nf3 Rc8 44. Ra6 Rc7 45. g4 h6 46. Bd1 Ne4 47. Ba4 Nb4 48. Ra8 Nd3 49. g5 hxg5 50. hxg5 f6 51. Nd4 Ndc5 52. gxf6+ gxf6 53. Rh8 Rb7 54. Rh7+ Kd6 55. Nb5+ Kc6 56. Nd4+ Kd6 57. Nb5+ Kc6 58. Na7+ Kb6 59. Nc8+ Ka6 60. Rh4 Rg7+ 61. Kf1 Kb7 62. Bc2 f5 63. Bxe4+ Nxe4 64. Rxe4 fxe4 65. Nd6+ Kc6 66. Nxe4 Kd5 67. Ng3 e5 68. Ke2 e4 69. Nh5 Rf7 70. Nf4+ Ke5 71. Ng6+ Kf5 72. Nf4 Ra7 73. Kf1 Rg7 74. Ne2 Ke5 75. Ng3 Rg8 76. Kg2 Rg7 77. Kf1 Rg8 78. Kg2 Rg7 1/2-1/2

[Event "1st Serbian League 2022"]
[Site "Vrnjacka Banja"]
[Date "2022.09.29"]
[Round "10.21"]
[White "Pezelj, Novak"]
[Black "Vuckovic, Bojan"]
[Result "1/2-1/2"]
[WhiteElo "2496"]
[BlackElo "2559"]
[Annotator "TA"]
[PlyCount "78"]
[EventDate "2022.09.20"]
[EventType "team-tourn"]
[EventCountry "SRB"]
[SourceTitle "playchess.com"]
[Source "ChessBase"]
[SourceQuality "1"]

1. d4 Nf6 2. c4 g6 3. Nc3 d5 4. cxd5 Nxd5 5. e4 Nxc3 6. bxc3 Bg7 7. Ba3 Nd7 8. Nf3 c5 9. Qb3 O-O 10. Bd3 b6 11. Rd1 e6 12. h4 Qc7 13. h5 Bb7 14. Ng5 h6 15. Nf3 g5 16. e5 Rfd8 17. Bb1 g4 18. Nh4 Nxe5 19. O-O Qe7 20. Ng6 Nf3+ 21. gxf3 fxg6 22. fxg4 gxh5 23. f3 hxg4 24. fxg4 Qh4 25. Qxe6+ Kh8 26. d5 Qg3+ 27. Kh1 Qh3+ 28. Kg1 Qg3+ 29. Kh1 Rf8 30. Qe4 Qh3+ 31. Kg1 Qg3+ 32. Kh1 Qh3+ 33. Kg1 Qg3+ 34. Kh1 Bxd5 35. Qxd5 Qh3+ 36. Kg1 Qe3+ 37. Kh1 Qh3+ 38. Kg1 Qe3+ 39. Kh1 Qh3+ 1/2-1/2

[Event "1st Serbian League 2022"]
[Site "Vrnjacka Banja"]
[Date "2022.09.29"]
[Round "10.22"]
[White "Roganovic, Milos"]
[Black "Ratkovic, Milovan"]
[Result "1/2-1/2"]
[WhiteElo "2487"]
[BlackElo "2411"]
[Annotator "TA"]
[PlyCount "34"]
[EventDate "2022.09.20"]
[EventType "team-tourn"]
[EventCountry "SRB"]
[SourceTitle "playchess.com"]
[Source "ChessBase"]
[SourceQuality "1"]

1. e4 c6 2. Nc3 d5 3. Nf3 Bg4 4. h3 Bxf3 5. Qxf3 e6 6. d4 Nf6 7. Bd3 Be7 8. O-O dxe4 9. Nxe4 Nxe4 10. Qxe4 Nd7 11. Be3 g6 12. c4 O-O 13. Rad1 Re8 14. f4 Qc7 15. Qf3 Rad8 16. g4 Bf6 17. Kh1 c5 1/2-1/2

[Event "1st Serbian League 2022"]
[Site "Vrnjacka Banja"]
[Date "2022.09.29"]
[Round "10.23"]
[White "Ratkovic, Miloje"]
[Black "Zajic, Milan"]
[Result "1/2-1/2"]
[WhiteElo "2498"]
[BlackElo "2402"]
[Annotator "TA"]
[PlyCount "89"]
[EventDate "2022.09.20"]
[EventType "team-tourn"]
[EventCountry "SRB"]
[SourceTitle "playchess.com"]
[Source "ChessBase"]
[SourceQuality "1"]

1. d4 Nf6 2. c4 e6 3. Nf3 d5 4. Nc3 Bb4 5. Qa4+ Nc6 6. a3 Bxc3+ 7. bxc3 Bd7 8. cxd5 exd5 9. Bg5 h6 10. Bh4 Qe7 11. Qb3 Na5 12. Qb4 Qxb4 13. axb4 Nc4 14. Bxf6 gxf6 15. e3 Nd6 16. Bd3 Bb5 17. Bxb5+ Nxb5 18. Kd2 Rg8 19. g3 c6 20. Kd3 O-O-O 21. Nh4 Rg5 22. Rhe1 Re8 23. f3 a6 24. e4 Nd6 25. exd5 Rxe1 26. Rxe1 cxd5 27. Ng2 Kd7 28. Ne3 Kc6 29. Ng4 h5 30. Nf2 h4 31. g4 Rg8 32. Re7 f5 33. gxf5 Rg5 34. Ng4 Rxf5 35. Ke2 Nc4 36. Re8 b6 37. Rh8 a5 38. bxa5 bxa5 39. Ne3 Nxe3 40. Kxe3 a4 41. Ra8 Kb5 42. Rb8+ Ka5 43. Ra8+ Kb5 44. Rb8+ Ka5 45. Ra8+ 1/2-1/2

[Event "1st Serbian League 2022"]
[Site "Vrnjacka Banja"]
[Date "2022.09.29"]
[Round "10.24"]
[White "Stankovic, Milos"]
[Black "Dimic, Pavle"]
[Result "0-1"]
[WhiteElo "2439"]
[BlackElo "2352"]
[Annotator "TA"]
[PlyCount "86"]
[EventDate "2022.09.20"]
[EventType "team-tourn"]
[EventCountry "SRB"]
[SourceTitle "playchess.com"]
[Source "ChessBase"]
[SourceQuality "1"]

1. e4 c5 2. Nf3 d6 3. d4 cxd4 4. Nxd4 Nf6 5. Nc3 Nc6 6. Bg5 e6 7. Bb5 Bd7 8. Qd3 Be7 9. O-O-O Qc7 10. Rhe1 O-O 11. Bxc6 bxc6 12. Nb3 e5 13. Bxf6 gxf6 14. f4 Kh8 15. f5 a5 16. a4 Rg8 17. g3 Bc8 18. Qc4 Bd8 19. Qe2 Ba6 20. Qh5 Qe7 21. Kb1 Rb8 22. Rd2 Bc4 23. Nc1 Bb6 24. Red1 Bc5 25. Qh6 Rb6 26. b3 Rgb8 27. g4 Bb4 28. N1a2 Bxc3 29. Nxc3 d5 30. Ka1 d4 31. Na2 c5 32. Rf2 Ba6 33. g5 Qf8 34. Qh5 fxg5 35. f6 c4 36. Qxg5 cxb3 37. cxb3 Rxb3 38. Rfd2 Bc4 39. Qxe5 d3 40. Rg1 Qd8 41. Rf1 Qb6 42. Rdd1 Ra3 43. Rf2 Qb3 0-1

[Event "1st Serbian League 2022"]
[Site "Vrnjacka Banja"]
[Date "2022.09.29"]
[Round "10.25"]
[White "Budisavljevic, Luka"]
[Black "Risteski, Emil"]
[Result "1-0"]
[WhiteElo "2524"]
[BlackElo "2364"]
[Annotator "TA"]
[PlyCount "65"]
[EventDate "2022.09.20"]
[EventType "team-tourn"]
[EventCountry "SRB"]
[SourceTitle "playchess.com"]
[Source "ChessBase"]
[SourceQuality "1"]

1. d4 Nf6 2. c4 g6 3. Nc3 Bg7 4. e4 d6 5. Be2 O-O 6. Nf3 Nbd7 7. O-O e5 8. Be3 c6 9. d5 c5 10. Ne1 Kh8 11. Qd2 Ng8 12. g4 f5 13. gxf5 gxf5 14. exf5 Ndf6 15. Nf3 Bxf5 16. Ng5 Qe7 17. Kh1 Ng4 18. Bxg4 Bxg4 19. Rg1 Nf6 20. Rg3 Bf5 21. Qe2 Qe8 22. Nb5 Nh5 23. Rg2 Qg6 24. Nxd6 Qxd6 25. Qxh5 Bg6 26. Qg4 Bf5 27. Qh4 b5 28. Rag1 Bf6 29. Qh6 bxc4 30. Bxc5 Qxc5 31. Nxh7 Bxh7 32. Rg8+ Rxg8 33. Qxf6+ 1-0

[Event "1st Serbian League 2022"]
[Site "Vrnjacka Banja"]
[Date "2022.09.29"]
[Round "10.26"]
[White "Djokic, Mihailo"]
[Black "Puranik, Abhimanyu"]
[Result "1/2-1/2"]
[WhiteElo "2197"]
[BlackElo "2603"]
[Annotator "TA"]
[PlyCount "80"]
[EventDate "2022.09.20"]
[EventType "team-tourn"]
[EventCountry "SRB"]
[SourceTitle "playchess.com"]
[Source "ChessBase"]
[SourceQuality "1"]

1. e4 c5 2. Nf3 e6 3. d4 cxd4 4. Nxd4 Nc6 5. Nc3 a6 6. Be2 Qc7 7. O-O Nf6 8. Be3 Be7 9. f4 d6 10. Kh1 O-O 11. Qe1 Nxd4 12. Bxd4 b5 13. a3 Bb7 14. Qg3 Rad8 15. Rae1 Rd7 16. Bd3 Re8 17. Qh3 g6 18. f5 e5 19. Be3 Qc8 20. Bg5 Rc7 21. Qh4 Nh5 22. f6 Bf8 23. g4 Nf4 24. Re3 Rxc3 25. bxc3 d5 26. Rxf4 exf4 27. Rh3 h5 28. gxh5 dxe4 29. Be2 e3+ 30. Kg1 Qc6 31. Rf3 Re5 32. hxg6 fxg6 33. f7+ Kxf7 34. Rxf4+ Ke8 35. Rxf8+ Kxf8 36. Qh8+ Kf7 37. Qh7+ Kf8 38. Qh8+ Kf7 39. Qh7+ Kf8 40. Qh8+ Kf7 1/2-1/2

[Event "1st Serbian League 2022"]
[Site "Vrnjacka Banja"]
[Date "2022.09.29"]
[Round "10.27"]
[White "Pap, Misa"]
[Black "Jocev, Milan"]
[Result "0-1"]
[WhiteElo "2381"]
[BlackElo "2283"]
[Annotator "TA"]
[PlyCount "116"]
[EventDate "2022.09.20"]
[EventType "team-tourn"]
[EventCountry "SRB"]
[SourceTitle "playchess.com"]
[Source "ChessBase"]
[SourceQuality "1"]

1. e4 e5 2. Nf3 Nc6 3. Bb5 a6 4. Ba4 Nf6 5. O-O Be7 6. d3 b5 7. Bb3 O-O 8. Nc3 d6 9. a3 Na5 10. Ba2 c5 11. Nd5 Nc6 12. c3 h6 13. b4 Be6 14. Nh4 c4 15. Nxe7+ Qxe7 16. Qf3 Nxe4 17. Qxe4 d5 18. Nf5 dxe4 19. Nxe7+ Nxe7 20. dxe4 a5 21. bxa5 Nc6 22. Be3 Nxa5 23. Rab1 Nb3 24. Bxb3 cxb3 25. Bc5 Rfd8 26. Rb2 Rd3 27. Rc1 Bc4 28. f3 Rad8 29. Rcb1 Rxc3 30. Kf2 Rc2+ 31. Rxc2 bxc2 32. Rc1 Rd2+ 33. Kg3 Bd3 34. Be3 Re2 35. Bc5 f6 36. Bb4 Kf7 37. h4 h5 38. Ra1 g6 39. Rc1 f5 40. exf5 gxf5 41. Kh3 f4 42. g4 Ke6 43. Bc3 Kd5 44. Bb2 Rf2 45. Re1 Rxf3+ 46. Kh2 Rf2+ 47. Kg1 Re2 48. Rxe2 Bxe2 49. g5 Bd3 50. Kf2 e4 51. g6 e3+ 52. Kf3 Bxg6 53. Kxf4 e2 54. Kg5 Be8 55. Kh6 e1=Q 56. Kg7 Qe6 57. Bc1 Qg6+ 58. Kh8 Bf7 0-1

[Event "1st Serbian League 2022"]
[Site "Vrnjacka Banja"]
[Date "2022.09.29"]
[Round "10.28"]
[White "Radojicic, Aleksandar M"]
[Black "Savic, Miodrag R"]
[Result "1/2-1/2"]
[WhiteElo "2192"]
[BlackElo "2406"]
[Annotator "TA"]
[PlyCount "69"]
[EventDate "2022.09.20"]
[EventType "team-tourn"]
[EventCountry "SRB"]
[SourceTitle "playchess.com"]
[Source "ChessBase"]
[SourceQuality "1"]

1. d4 Nf6 2. Nc3 d5 3. Bf4 a6 4. e3 b5 5. h4 h6 6. Bd3 e6 7. Nce2 c5 8. c3 Nc6 9. Nf3 Bb7 10. O-O c4 11. Bc2 Be7 12. Ng3 O-O 13. Qd2 Ng4 14. h5 f5 15. Ne5 Ngxe5 16. Bxe5 Nxe5 17. dxe5 Qe8 18. Bd1 Bc5 19. f4 Ra7 20. Bf3 Bc8 21. Ne2 g5 22. hxg6 Qxg6 23. Kf2 Rh7 24. Rh1 h5 25. Rh3 h4 26. g3 Kh8 27. gxh4 Rg8 28. Rg1 Qf7 29. Rxg8+ Qxg8 30. Rg3 Qd8 31. h5 Qh4 32. Qc1 Qh2+ 33. Rg2 Qh4+ 34. Rg3 Qh2+ 35. Rg2 1/2-1/2

[Event "1st Serbian League 2022"]
[Site "Vrnjacka Banja"]
[Date "2022.09.29"]
[Round "10.30"]
[White "Radivojevic, Milan R"]
[Black "Lukovic, Vladimir"]
[Result "0-1"]
[WhiteElo "2172"]
[BlackElo "2419"]
[Annotator "TA"]
[PlyCount "92"]
[EventDate "2022.09.20"]
[EventType "team-tourn"]
[EventCountry "SRB"]
[SourceTitle "playchess.com"]
[Source "ChessBase"]
[SourceQuality "1"]

1. d4 Nf6 2. Nf3 d5 3. Bf4 c5 4. c3 Qb6 5. Qc2 Nc6 6. e3 g6 7. Nbd2 Bg7 8. h3 O-O 9. Be2 Bf5 10. dxc5 Qxc5 11. Qa4 a6 12. Nb3 Qa7 13. Nbd4 Bd7 14. Qa3 Rfe8 15. Ne5 e6 16. Ndxc6 Bxc6 17. Nxc6 bxc6 18. Be5 Bf8 19. Bd6 Bh6 20. O-O Ne4 21. Bd3 Nxd6 22. Qxd6 Qb6 23. Qe5 Bg7 24. Qd6 Qxb2 25. Qxc6 Rec8 26. Qd7 Qxc3 27. Rac1 Qxc1 28. Rxc1 Rxc1+ 29. Kh2 Be5+ 30. f4 Rc7 31. Qa4 Bd6 32. h4 h5 33. Qd4 Rc6 34. Qa4 Rb6 35. Qd7 Bc5 36. e4 dxe4 37. Bxe4 Rab8 38. Kh3 Bf8 39. Bc2 Rd6 40. Qa7 Rb2 41. Bb3 Rd3+ 42. Kh2 Bd6 43. Qa8+ Kh7 44. Kg1 Bxf4 45. Qe4 Rb1+ 46. Kf2 Rd2+ 0-1

[Event "1st Serbian League 2022"]
[Site "Vrnjacka Banja"]
[Date "2022.09.30"]
[Round "11.1"]
[White "Demchenko, Anton"]
[Black "Budisavljevic, Luka"]
[Result "1-0"]
[WhiteElo "2645"]
[BlackElo "2524"]
[Annotator "TA"]
[PlyCount "83"]
[EventDate "2022.09.20"]
[EventType "team-tourn"]
[EventCountry "SRB"]
[SourceTitle "playchess.com"]
[Source "ChessBase"]
[SourceQuality "1"]

1. e4 e6 2. d4 d5 3. Nc3 Nf6 4. Bg5 h6 5. Bxf6 Qxf6 6. a3 c6 7. Nf3 Qd8 8. Bd3 Be7 9. O-O O-O 10. Re1 b6 11. Ne5 Bb7 12. Qg4 Nd7 13. Nxd7 Qxd7 14. exd5 cxd5 15. Ne2 Bd6 16. Nf4 Bxf4 17. Qxf4 Qe7 18. Qf5 g6 19. Qh3 Kg7 20. Re5 a5 21. c3 Ba6 22. Bc2 b5 23. Rae1 Qf6 24. b4 axb4 25. axb4 Bb7 26. Qg3 Ra2 27. Bd3 Bc6 28. h4 Rfa8 29. R5e3 Ra1 30. Bb1 Kg8 31. Rf3 Qg7 32. Qf4 R8a3 33. Qd2 h5 34. Kh2 Be8 35. g3 Qf8 36. Bxg6 R3a2 37. Qe3 Rxe1 38. Qxe1 Qh6 39. Bb1 Qd2 40. Qe5 Ra1 41. Qb8 Kf8 42. Bg6 1-0

[Event "1st Serbian League 2022"]
[Site "Vrnjacka Banja"]
[Date "2022.09.30"]
[Round "11.3"]
[White "Saric, Sinisa"]
[Black "Gagunashvili, Merab"]
[Result "0-1"]
[WhiteElo "2372"]
[BlackElo "2552"]
[Annotator "TA"]
[PlyCount "92"]
[EventDate "2022.09.20"]
[EventType "team-tourn"]
[EventCountry "SRB"]
[SourceTitle "playchess.com"]
[Source "ChessBase"]
[SourceQuality "1"]

1. d4 d5 2. c4 c6 3. Nc3 Nf6 4. e3 e6 5. Nf3 a6 6. Bd2 dxc4 7. Bxc4 c5 8. O-O Nc6 9. dxc5 Bxc5 10. Rc1 O-O 11. Qc2 Qe7 12. a3 Bd7 13. Rfd1 Rac8 14. Be1 Rfd8 15. Ne4 Nxe4 16. Qxe4 Be8 17. h4 Rxd1 18. Rxd1 Rd8 19. Rxd8 Nxd8 20. Ng5 g6 21. Bc3 Nc6 22. Qf3 Bd6 23. Qe4 h6 24. Nf3 b5 25. Ba2 b4 26. axb4 Bxb4 27. h5 Bxc3 28. bxc3 g5 29. Nd4 Nxd4 30. cxd4 Qd6 31. d5 Bd7 32. dxe6 Qd1+ 33. Kh2 Qxh5+ 34. Kg1 Qd1+ 35. Kh2 Qd6+ 36. g3 Bxe6 37. Bb1 Bd7 38. Bd3 a5 39. Qa8+ Kg7 40. Be4 a4 41. Bd5 h5 42. e4 Qb6 43. Kg2 h4 44. g4 Qc7 45. Kh1 Bxg4 46. e5 Qxe5 0-1

[Event "1st Serbian League 2022"]
[Site "Vrnjacka Banja"]
[Date "2022.09.30"]
[Round "11.4"]
[White "Pap, Misa"]
[Black "Milosevic, Milos"]
[Result "0-1"]
[WhiteElo "2381"]
[BlackElo "2379"]
[Annotator "TA"]
[PlyCount "106"]
[EventDate "2022.09.20"]
[EventType "team-tourn"]
[EventCountry "SRB"]
[SourceTitle "playchess.com"]
[Source "ChessBase"]
[SourceQuality "1"]

1. e4 e6 2. d4 d5 3. e5 c5 4. c3 Nc6 5. Nf3 Qb6 6. a3 c4 7. Nbd2 Na5 8. g3 Bd7 9. h4 Ne7 10. Bh3 h6 11. h5 Qc7 12. O-O Nc8 13. Nh4 Be7 14. Ng2 Nb6 15. f4 g6 16. Ne3 O-O-O 17. Kh2 Kb8 18. Qe2 Rdg8 19. Rb1 gxh5 20. Qxh5 f5 21. exf6 Bxf6 22. Qe2 h5 23. Ng2 Nc8 24. Nf3 Nd6 25. Ng5 Nb3 26. Be3 h4 27. g4 Ka8 28. Kg1 Bxg5 29. fxg5 Ne4 30. Bf4 Qb6 31. Rbe1 Re8 32. Qe3 Nbd2 33. Be5 Nxf1 34. Rxf1 Rhg8 35. Rf7 Ba4 36. g6 Rxg6 37. Nxh4 Rgg8 38. Bg2 Rxg4 39. Qh3 Rgg8 40. Rg7 Rxg7 41. Bxg7 Qxb2 42. Nf3 Qxc3 43. Qh6 Qxa3 44. Be5 c3 45. Kh2 c2 46. Bf4 Nf2 47. Ne5 Qc3 48. Be3 Nd1 49. Bc1 Qxd4 50. Nf7 Nf2 51. Bf3 Ng4+ 52. Bxg4 Qxg4 53. Nd6 Rg8 0-1

[Event "1st Serbian League 2022"]
[Site "Vrnjacka Banja"]
[Date "2022.09.30"]
[Round "11.5"]
[White "Markovic, Miroslav"]
[Black "Radovanovic, Mihajlo"]
[Result "0-1"]
[WhiteElo "2275"]
[BlackElo "2438"]
[Annotator "TA"]
[PlyCount "62"]
[EventDate "2022.09.20"]
[EventType "team-tourn"]
[EventCountry "SRB"]
[SourceTitle "playchess.com"]
[Source "ChessBase"]
[SourceQuality "1"]

1. e4 c5 2. c3 d5 3. d3 Nc6 4. Nd2 Nf6 5. g3 e5 6. Ngf3 Be7 7. Bg2 O-O 8. O-O d4 9. c4 a6 10. Ne1 b5 11. b3 Rb8 12. h3 g6 13. Ndf3 bxc4 14. bxc4 Kg7 15. Qd2 Ng8 16. Nh2 Bd6 17. a3 Na5 18. Qd1 Nb3 19. Rb1 Nxc1 20. Qxc1 Rxb1 21. Qxb1 Nf6 22. Nef3 Qa5 23. Qc1 Bd7 24. Nh4 h6 25. f4 Nh5 26. Rf3 Qc3 27. Qf1 exf4 28. gxf4 Be7 29. Qf2 Rb8 30. f5 Qc1+ 31. Nf1 Rb2 0-1

[Event "1st Serbian League 2022"]
[Site "Vrnjacka Banja"]
[Date "2022.09.30"]
[Round "11.6"]
[White "Lukovic, Vladimir"]
[Black "Vratonjic, Slobo"]
[Result "1-0"]
[WhiteElo "2419"]
[BlackElo "2253"]
[Annotator "TA"]
[PlyCount "67"]
[EventDate "2022.09.20"]
[EventType "team-tourn"]
[EventCountry "SRB"]
[SourceTitle "playchess.com"]
[Source "ChessBase"]
[SourceQuality "1"]

1. e4 d6 2. d4 Nf6 3. Nc3 c6 4. f4 Qa5 5. Bd3 e5 6. Nf3 Bg4 7. Be3 Nbd7 8. h3 Bxf3 9. Qxf3 Qb4 10. a3 Qa5 11. g4 h6 12. b4 Qc7 13. h4 h5 14. gxh5 Nxh5 15. fxe5 dxe5 16. d5 Nf4 17. dxc6 bxc6 18. Ba6 Be7 19. h5 Bg5 20. Ne2 Bh6 21. O-O-O Nxe2+ 22. Qxe2 Bxe3+ 23. Qxe3 Nf6 24. Qg5 Ke7 25. Rdf1 Qd6 26. Rf5 c5 27. Bb7 Rab8 28. Bd5 cxb4 29. Rxe5+ Kf8 30. h6 Rg8 31. Rf5 Rb6 32. hxg7+ Rxg7 33. Rh8+ Ke7 34. Qxg7 1-0

[Event "1st Serbian League 2022"]
[Site "Vrnjacka Banja"]
[Date "2022.09.30"]
[Round "11.7"]
[White "Djokic, Mihailo"]
[Black "Indjic, Aleksandar"]
[Result "1/2-1/2"]
[WhiteElo "2197"]
[BlackElo "2628"]
[Annotator "TA"]
[PlyCount "45"]
[EventDate "2022.09.20"]
[EventType "team-tourn"]
[EventCountry "SRB"]
[SourceTitle "playchess.com"]
[Source "ChessBase"]
[SourceQuality "1"]

1. e4 c5 2. Nf3 d6 3. d4 cxd4 4. Nxd4 Nf6 5. Nc3 a6 6. Rg1 e5 7. Nb3 h5 8. h3 Be6 9. Bg5 Nbd7 10. Qf3 Rc8 11. O-O-O Be7 12. g4 g6 13. Be3 hxg4 14. hxg4 Rh4 15. Bh3 a5 16. Rh1 a4 17. g5 Rxh3 18. Rxh3 Bxh3 19. gxf6 Nxf6 20. Qxh3 axb3 21. Qh8+ Kd7 22. Qh3+ Ke8 23. Qh8+ 1/2-1/2

[Event "1st Serbian League 2022"]
[Site "Vrnjacka Banja"]
[Date "2022.09.30"]
[Round "11.8"]
[White "Ivanisevic, Ivan"]
[Black "Jocev, Milan"]
[Result "0-1"]
[WhiteElo "2547"]
[BlackElo "2283"]
[Annotator "TA"]
[PlyCount "80"]
[EventDate "2022.09.20"]
[EventType "team-tourn"]
[EventCountry "SRB"]
[SourceTitle "playchess.com"]
[Source "ChessBase"]
[SourceQuality "1"]

1. d4 Nf6 2. c4 c5 3. d5 b5 4. Nf3 b4 5. a3 g6 6. axb4 cxb4 7. e4 d6 8. Qa4+ Bd7 9. Qxb4 a5 10. Qc3 Bg7 11. c5 O-O 12. c6 Nxc6 13. dxc6 Bxc6 14. Be2 Bxe4 15. O-O Qb6 16. Qd4 Qb7 17. Nc3 Bc6 18. Qh4 a4 19. Rd1 Rfc8 20. Nd4 Bxg2 21. f3 e5 22. Kxg2 exd4 23. Qxd4 Nh5 24. Qe4 Qxe4 25. fxe4 a3 26. Bxh5 gxh5 27. Ra2 Be5 28. Kf3 h6 29. Nd5 axb2 30. Rxb2 Ra3+ 31. Be3 Kh7 32. Rb7 Rf8 33. Rc1 Ra2 34. Bf4 Bxf4 35. Kxf4 Rxh2 36. Nf6+ Kg7 37. Nd7 Rh4+ 38. Kf5 Re8 39. e5 Re6 40. Rc6 Rg6 0-1

[Event "1st Serbian League 2022"]
[Site "Vrnjacka Banja"]
[Date "2022.09.30"]
[Round "11.9"]
[White "Radojicic, Aleksandar M"]
[Black "Perunovic, Milos"]
[Result "0-1"]
[WhiteElo "2192"]
[BlackElo "2542"]
[Annotator "TA"]
[PlyCount "68"]
[EventDate "2022.09.20"]
[EventType "team-tourn"]
[EventCountry "SRB"]
[SourceTitle "playchess.com"]
[Source "ChessBase"]
[SourceQuality "1"]

1. d4 Nf6 2. Nc3 d5 3. Bf4 c5 4. e3 cxd4 5. exd4 a6 6. Nf3 Nc6 7. Ne5 Bd7 8. Nxc6 Bxc6 9. Be2 e6 10. O-O Rc8 11. Bf3 Bb4 12. Bd2 Qb6 13. Be1 O-O 14. Rb1 Bd6 15. Ne2 Ne4 16. Bxe4 dxe4 17. c4 Qc7 18. h3 b5 19. c5 Be7 20. Bd2 e5 21. dxe5 Bxc5 22. Bf4 Rfd8 23. Qe1 b4 24. Rc1 Qb6 25. Ng3 Bb5 26. Qxe4 Bxf1 27. Rxf1 b3 28. axb3 Qxb3 29. Nh5 Rd1 30. Qe2 Rcd8 31. Kh2 Rxf1 32. Qxf1 Qd1 33. Qxa6 Bxf2 34. h4 Qxh5 0-1

[Event "1st Serbian League 2022"]
[Site "Vrnjacka Banja"]
[Date "2022.09.30"]
[Round "11.10"]
[White "Miljkovic, Miroslav D"]
[Black "Velikic, Adela"]
[Result "1/2-1/2"]
[WhiteElo "2456"]
[BlackElo "2272"]
[Annotator "TA"]
[PlyCount "91"]
[EventDate "2022.09.20"]
[EventType "team-tourn"]
[EventCountry "SRB"]
[SourceTitle "playchess.com"]
[Source "ChessBase"]
[SourceQuality "1"]

1. d4 d5 2. c4 c6 3. Nf3 Nf6 4. cxd5 cxd5 5. Nc3 Nc6 6. Bf4 a6 7. Rc1 Bf5 8. e3 e6 9. Qb3 Bb4 10. Ne5 Bxc3+ 11. bxc3 Na5 12. Qb4 Nh5 13. Bg3 f6 14. Nf3 Nxg3 15. hxg3 Bg6 16. Nh4 Bf7 17. Bd3 h6 18. O-O Rb8 19. Ng6 Rg8 20. Rfe1 Nc6 21. Qb1 f5 22. Ne5 Nxe5 23. dxe5 b5 24. Qb4 Qc7 25. a4 Kd8 26. axb5 axb5 27. Ra1 Be8 28. Ra6 Bc6 29. Rea1 Re8 30. R1a5 Re7 31. Bxb5 Bxb5 32. Rxb5 Rc8 33. Qd6+ Ke8 34. Rb3 Kf7 35. Rab6 Qc4 36. Qb4 Qd3 37. Qd4 Qc2 38. Qh4 Qd1+ 39. Kh2 Rc4 40. f4 Qg4 41. Rb7 Qxh4+ 42. gxh4 Re4 43. Rxe7+ Kxe7 44. Rb7+ Kf8 45. Rb8+ Kf7 46. Rb7+ 1/2-1/2

[Event "1st Serbian League 2022"]
[Site "Vrnjacka Banja"]
[Date "2022.09.30"]
[Round "11.11"]
[White "Radivojevic, Milan R"]
[Black "Kosic, Dragan"]
[Result "0-1"]
[WhiteElo "2172"]
[BlackElo "2399"]
[Annotator "TA"]
[PlyCount "80"]
[EventDate "2022.09.20"]
[EventType "team-tourn"]
[EventCountry "SRB"]
[SourceTitle "playchess.com"]
[Source "ChessBase"]
[SourceQuality "1"]

1. d4 Nf6 2. Nf3 e6 3. Bg5 h6 4. Bh4 d6 5. e3 g5 6. Bg3 Nh5 7. Nfd2 Nxg3 8. hxg3 Bg7 9. c3 Qe7 10. Be2 Nc6 11. c4 Bd7 12. Nc3 O-O-O 13. Qb3 f5 14. d5 Ne5 15. O-O-O h5 16. dxe6 Bxe6 17. Nd5 Qf7 18. Nf3 Nxf3 19. gxf3 c6 20. Nc3 Kb8 21. f4 g4 22. Rd2 Bf6 23. e4 h4 24. exf5 Bxf5 25. Qd1 Qe6 26. gxh4 Bxh4 27. Bd3 Bxd3 28. Rxd3 Qxc4 29. Kb1 Qxf4 30. Rd4 Qf5+ 31. Ka1 d5 32. Ne4 Be7 33. Ng3 Qxf2 34. Rxg4 Bf6 35. Qc1 Rxh1 36. Nxh1 Qf5 37. Rg2 Re8 38. Rf2 Qe5 39. Rc2 Qe1 40. Nf2 Bg5 0-1

[Event "1st Serbian League 2022"]
[Site "Vrnjacka Banja"]
[Date "2022.09.30"]
[Round "11.12"]
[White "Kosanovic, Goran A"]
[Black "Grbic, Milorad"]
[Result "1/2-1/2"]
[WhiteElo "2244"]
[BlackElo "2259"]
[Annotator "TA"]
[PlyCount "60"]
[EventDate "2022.09.20"]
[EventType "team-tourn"]
[EventCountry "SRB"]
[SourceTitle "playchess.com"]
[Source "ChessBase"]
[SourceQuality "1"]

1. d4 d6 2. e4 Nf6 3. Nc3 g6 4. Be3 Bg7 5. Qd2 Ng4 6. Bg5 h6 7. Bh4 c6 8. h3 Nf6 9. f4 b5 10. Bd3 a6 11. Nf3 Qc7 12. e5 Nd5 13. Nxd5 cxd5 14. O-O Nc6 15. Rae1 O-O 16. c3 Bf5 17. Bxf5 gxf5 18. Qd3 e6 19. g4 fxg4 20. hxg4 b4 21. Bf6 bxc3 22. Bxg7 Kxg7 23. f5 dxe5 24. f6+ Kxf6 25. Nxe5+ Kg7 26. Qxc3 Rac8 27. Rc1 Qd6 28. Nxc6 Rxc6 29. Qxc6 Qg3+ 30. Kh1 Qh3+ 1/2-1/2

[Event "1st Serbian League 2022"]
[Site "Vrnjacka Banja"]
[Date "2022.09.30"]
[Round "11.13"]
[White "Predojevic, Borki"]
[Black "Sanal, Vahap"]
[Result "0-1"]
[WhiteElo "2584"]
[BlackElo "2595"]
[Annotator "TA"]
[PlyCount "82"]
[EventDate "2022.09.20"]
[EventType "team-tourn"]
[EventCountry "SRB"]
[SourceTitle "playchess.com"]
[Source "ChessBase"]
[SourceQuality "1"]

1. e4 e5 2. Nf3 Nc6 3. Nc3 Nf6 4. d4 exd4 5. Nxd4 Bb4 6. Nxc6 bxc6 7. Bd3 d5 8. Bd2 O-O 9. O-O Rb8 10. Re1 Ng4 11. h3 Ne5 12. exd5 Nxd3 13. cxd3 cxd5 14. Rc1 Be6 15. b3 Qf6 16. Qh5 c6 17. Re3 Rfe8 18. Qd1 Ba3 19. Rc2 Bd6 20. Rf3 Qh4 21. Ne2 Bg4 22. Re3 d4 23. Rxe8+ Rxe8 24. Be1 Qh5 25. f3 Bxf3 26. gxf3 Qxf3 27. Bf2 Re6 28. Qf1 Rg6+ 29. Bg3 Qe3+ 30. Qf2 Bxg3 31. Qxe3 dxe3 32. Kg2 Be1+ 33. Kf3 Bd2 34. Nd4 Rf6+ 35. Ke2 Rf2+ 36. Kd1 f5 37. Rxc6 f4 38. Rc8+ Kf7 39. Rc5 g6 40. Rc7+ Kf6 41. Rc8 Ke5 0-1